Online
Catalog

Por una ciudadanía de paz: (Record no. 49878)

MARC details
000 -CABECERA
campo de control de longitud fija 00848nam a22002177a 4500
003 - IDENTIFICADOR DEL NÚMERO DE CONTROL
campo de control DO-SdBNP
005 - FECHA Y HORA DE LA ÚLTIMA TRANSACCIÓN
campo de control 20211027090328.0
007 - CAMPO FIJO DE DESCRIPCIÓN FÍSICA--INFORMACIÓN GENERAL
campo de control de longitud fija ta
008 - DATOS DE LONGITUD FIJA--INFORMACIÓN GENERAL
campo de control de longitud fija 210604e2010 dr ac||gr|||| 00| 0 spa d
040 ## - FUENTE DE LA CATALOGACIÓN
Centro catalogador/agencia de origen DO-SdBNP
Lengua de catalogación spa
Centro/agencia transcriptor BNPHU
082 #4 - NÚMERO DE LA CLASIFICACIÓN DECIMAL DEWEY
Número de edición 22
Número de documento/Ítem G953p
100 1# - ENTRADA PRINCIPAL--NOMBRE DE PERSONA
Nombre de persona Güilamo, Sara
9 (RLIN) 78740
245 10 - MENCIÓN DE TÍTULO
Título Por una ciudadanía de paz:
Resto del título una propuesta de prevención de la violencia en la escuela /
Mención de responsabilidad, etc. Sara Guílamo; Frankelly Martínez
260 ## - PUBLICACIÓN, DISTRIBUCIÓN, ETC.
Lugar de publicación, distribución, etc. Santo Domingo :
Nombre del editor, distribuidor, etc. Pontificia Universidad Católica Madre y Maestra (PUCMM),
Fecha de publicación, distribución, etc. 2010.
300 ## - DESCRIPCIÓN FÍSICA
Extensión 32 p. :
Otras características físicas il, retr. ;
Dimensiones 28 cm.
505 00 - NOTA DE CONTENIDO CON FORMATO
Nota de contenido con formato Conceptualización y origen de la violencia --
Título Factores asociados a la violencia en la escuela--
-- Educar para la paz y la buena convivencia--
-- Conclusión.
590 ## - NOTA LOCAL (RLIN)
Nota local Inventariado, 2021/MF
650 14 - PUNTO DE ACCESO ADICIONAL DE MATERIA--TÉRMINO DE MATERIA
Término de materia o nombre geográfico como elemento de entrada Violencia
9 (RLIN) 78741
910 ## - DATOS DE OPCIÓN DEL USUARIO (OCLC)
Datos de opción del usuario MF
942 ## - ELEMENTOS DE PUNTO DE ACCESO ADICIONAL (KOHA)
Fuente del sistema de clasificación o colocación Dewey Decimal Classification
Tipo de ítem Koha Libros y folletos
Holdings
Estado de retiro Estado de pérdida Fuente del sistema de clasificación o colocación Restricciones de uso No para préstamo Código de colección Localización permanente Ubicación/localización actual Ubicación en estantería Fecha de adquisición Fuente de adquisición Total de préstamos Signatura topográfica completa Código de barras Fecha visto por última vez Precio válido a partir de Tipo de ítem Koha
    Dewey Decimal Classification Excluido de préstamo   Patrimonio Dominicano Biblioteca Nacional Pedro Henríquez Ureña Patrimonio Dominicano Depósito 19.02.2018 Depósito Legal   BNPHU PD G953p 2021-1928 04.06.2021 04.06.2021 Libro y Folleto Colección Patrimonio Dominicano

Powered by Koha